00375 a2200133 4500001001000000005001700010008004100027245002400068100002000092700001900112700002000131773007300151999001700224ART_1796920260410161924.0260409a 10aThe raise of Europe1 aAcemoglu, Daron1 aJohnson, Simon1 aRobinson, James0 tThe American Economic Reviewg- Vol. 95, NÂș 3 (jun. 2005)wREV16190 c27986d27986